Science Quiz

Random Science or Elements Quiz

Element Pair by Beginning Pair Quiz Stats

 Plays Quiz Updated Dec 1, 2016

Challenge
Share
Tweet
Embed
Score 0/44 Timer 05:00
0 Plays Today
% Correct
Argon
96.7%
Boron
89.2%
Lithium
88%
Zinc
84.1%
Silicon
80.2%
Fluorine
76.4%
Titanium
76.1%
Radon
75%
Beryllium
72.2%
Magnesium
64.7%
Plutonium
64.3%
Selenium
63.4%
Radium
61.4%
Iron
59.4%
Iridium
59.2%
Gallium
58.1%
Chlorine
57.4%
Cesium
57.4%
Manganese
55.2%
Tin
50.1%
Yttrium
48.4%
Arsenic
46.5%
% Correct
Zirconium
46.2%
Rhodium
45.2%
Molybdenum
45.1%
Platinum
43.3%
Polonium
42.8%
Potassium
42.7%
Silver
36.3%
Ytterbium
35.9%
Chromium
35.5%
Lanthanum
31.8%
Hafnium
30.4%
Cerium
27.9%
Rhenium
22.6%
Flerovium
17%
Bohrium
16.2%
Lawrencium
15.7%
Livermorium
15.7%
Gadolinium
14.9%
Berkelium
13.9%
Hassium
12.4%
Seaborgium
12%
Moscovium
11.9%

You're not logged in!

Compare scores with friends on all Sporcle quizzes.
Join for Free
OR
Log In

You Might Also Like...

Show Comments

Extras

Top Quizzes Today


Score Distribution

Your Account Isn't Verified!

In order to create a playlist on Sporcle, you need to verify the email address you used during registration. Go to your Sporcle Settings to finish the process.

Report this User

Report this user for behavior that violates our Community Guidelines.

Details: